Feng šuej pro moderní život /

Gespeichert in:
Bibliographische Detailangaben
Hauptverfasser: Skinner, Stephen (Verfasst von), Lambert, Mary (Verfasst von)
Format: Buch
Sprache:Tschechisch
Veröffentlicht: Český Těšín: ANAG, 2005
Ausgabe:2. dotlač
Schlagworte:
Tags: Tag hinzufügen
Keine Tags, Fügen Sie das erste Tag hinzu!

MARC

LEADER 00000nam a22000003a 4500
001 0115073
003 SK-STU
005 20250423114312.3
007 ta
008 250423s ----xo-----e------000-0-----d
020 |a 978-80-7263-461-3 
040 |a STU  |b slo 
041 0 |a cze  |h cze 
044 |a xo 
100 1 |a Skinner, Stephen  |4 aut 
245 1 0 |a Feng šuej pro moderní život /  |c aut. Stephen Skinner, Mary Lambert 
250 |a 2. dotlač 
260 |a Český Těšín:  |b ANAG,  |c 2005 
300 |a 159 s. 
650 0 7 |a feng šuej 
700 1 |a Lambert, Mary  |4 aut 
996 |b 284V038219  |c V* 53711/O-24802  |l VVT  |s P  |a 0  |w 0115073_0001